Under the microscope

Bibliographic Details
Main Author: Potter,Mike
Corporate Author: Title
Format: Book
Published: Kuala Lumpur : Arus Intelek , 2000
Series:Graded Readers for ERLE (English Language Reinforcement and Enrichment)
Subjects:

MARC

LEADER 00000cam a2200000 7i4500
001 0000006514
005 20151222.0
008 070816
020 |a 9831502787 
090 0 0 |a JF   |b ENG 
100 1 |a Potter,Mike 
245 1 0 |a Under the microscope   |c Mike Potter 
260 |a Kuala Lumpur :   |b Arus Intelek ,   |c 2000 
440 0 |a Graded Readers for ERLE (English Language Reinforcement and Enrichment) 
500 |a Children ages 10-12 years old (pink) 
650 0 |a Junior fiction   |x English   |x Languages 
650 0 |a Natural history 
710 0 |a Title 
999 |a 0000985543   |b Book   |c Children Collection   |e Cawangan Tmn. Ungku Tun Aminah 
999 |a 0000985544   |b Book   |c Children Collection   |e Perbadanan Perpustakaan Awam Johor 
999 |a 0000985545   |b Book   |c Children Collection   |e Perbadanan Perpustakaan Awam Johor 
999 |a 0001146925   |b Book   |c Children Collection   |e Cawangan Batu Pahat 
999 |a 0001146927   |b Book   |c Children Collection   |e Cawangan Segamat